Famous Magicians - Statistics

General Stats
  • This quiz has been taken 84 times
  • The average score is 6 of 13
Answer Stats
Life Hint Magician % Correct
1874–1926 American escapologist, illusionist, and stunt performer Harry Houdini
99%
1956– Made the Statue of Liberty disappear David Copperfield
75%
1948– Magician who usually performs mute while his partner talks Teller
68%
1955– Magician comedian of Fool Us who is famously atheist Penn Jillette
63%
1973– Street Magician who was Buried Alive and Frozen in Time David Blaine
54%
1946– Self-proclaimed psychic best known for bending spoons Uri Geller
52%
1939–2021 German-American magician whose partner trained white tigers Siegfried Fischbacher
42%
1967– Illusionist famous for MINDFREAK and Las Vegas show Criss Angel
36%
1921–1984 Fez-wearing Welsh magician who died on stage Tommy Cooper
30%
1971– English "psychological illusionist" who debuted with Mind Control Derren Brown
20%
1928–2020 "Amazing" magician who challenged pseudoscientific claims James Randi
20%
1934–1997 The son of a magician, he pulled out 80,000 rabbits in his career Harry {Blackstone} Jr.
5%
1885–1965 "Great" magician popular as a USO entertainer in World War II Harry {Blackstone} Sr.
5%
No matching quizzes found
Score Distribution
Percent of People with Each Score
Percentile by Number Answered
Your Score History
You have not taken this quiz